Central Library || Chittagong University

The step-by-step guide to photo-off set lithography.// (Record no. 111243)

MARC details
000 -LEADER
fixed length control field 00484nam a22001697a 4500
003 - CONTROL NUMBER IDENTIFIER
control field BD-ChCU
005 - DATE AND TIME OF LATEST TRANSACTION
control field 20260125113352.0
008 - FIXED-LENGTH DATA ELEMENTS--GENERAL INFORMATION
fixed length control field 260125b bg ||||| |||| 00| 0 ben d
040 ## - CATALOGING SOURCE
Transcribing agency BD-ChCU
082 ## - DEWEY DECIMAL CLASSIFICATION NUMBER
Classification number 686.2325 SWS
100 ## - MAIN ENTRY--PERSONAL NAME
Personal name Swerdlow, Robert M.
9 (RLIN) 19618
245 ## - TITLE STATEMENT
Title The step-by-step guide to photo-off set lithography.//
Statement of responsibility, etc. Robert M. Swerdlow.
260 ## - PUBLICATION, DISTRIBUTION, ETC.
Place of publication, distribution, etc. New Jersey
Name of publisher, distributor, etc. Prentice-Hall.
Date of publication, distribution, etc. 1982
300 ## - PHYSICAL DESCRIPTION
Extent xi, 258p
650 #0 - SUBJECT ADDED ENTRY--TOPICAL TERM
Topical term or geographic name entry element Photography.
9 (RLIN) 19619
942 ## - ADDED ENTRY ELEMENTS (KOHA)
Source of classification or shelving scheme Dewey Decimal Classification
Koha item type Books
Suppress in OPAC No
Holdings
Withdrawn status Lost status Source of classification or shelving scheme Damaged status Not for loan Home library Current library Shelving location Date acquired Source of acquisition Total Checkouts Full call number Barcode Date last seen Copy number Price effective from Koha item type
    Dewey Decimal Classification     Chittagong University Library Chittagong University Library Business and Social Science Reading Room 01/25/2026 Purchase   686.2325 SWS 124357 01/25/2026 C-1 01/25/2026 Books
    Dewey Decimal Classification     Chittagong University Library Chittagong University Library Business and Social Science Reading Room 01/25/2026 Purchase   686.2325 SWS 124358 01/25/2026 C-2 01/25/2026 Books
    Dewey Decimal Classification     Chittagong University Library Chittagong University Library Business and Social Science Reading Room 01/25/2026 Purchase   686.2325 SWS 124359 01/25/2026 C-3 01/25/2026 Books
    Dewey Decimal Classification     Chittagong University Library Chittagong University Library Business and Social Science Reading Room 01/25/2026 Purchase   686.2325 SWS 124360 01/25/2026 C-4 01/25/2026 Books
    Dewey Decimal Classification     Chittagong University Library Chittagong University Library Business and Social Science Reading Room 01/25/2026 Purchase   686.2325 SWS 124361 01/25/2026 C-5 01/25/2026 Books
    Dewey Decimal Classification     Chittagong University Library Chittagong University Library Business and Social Science Reading Room 01/25/2026 Purchase   686.2325 SWS 124362 01/25/2026 C-6 01/25/2026 Books
    Dewey Decimal Classification     Chittagong University Library Chittagong University Library Business and Social Science Reading Room 01/25/2026 Purchase   686.2325 SWS 124363 01/25/2026 C-7 01/25/2026 Books
© Copyright 2026. Chittagong University Library, Installation and Maintenance by Prof. Dr. Md. Alamgir, 01711306253